[Event "BL2 Sued 1819 (Women)"]
[Site "Germany"]
[Date "2018.11.18"]
[Round "4.4"]
[White "Frank, Tena"]
[Black "Katte, Isabel"]
[Result "0-1"]
[WhiteElo "1909"]
[BlackElo "1903"]
[PlyCount "70"]
[EventDate "2018.10.27"]
[EventType "team-tourn"]
[EventRounds "7"]
[EventCountry "GER"]
[SourceTitle "CBM 190 Extra"]
[Source "ChessBase"]
[SourceDate "2019.07.15"]
[SourceVersion "1"]
[SourceVersionDate "2019.07.15"]
[SourceQuality "1"]
[WhiteTeam "Freiburg Zaehringen (W)"]
[BlackTeam "Mainz Schott (W)"]
[WhiteTeamCountry "GER"]
[BlackTeamCountry "GER"]

1. d4 e6 2. c4 b6 3. Nc3 Bb7 4. e4 Bb4 5. Bd3 f5 6. d5 fxe4 7. Bxe4 Qh4 8. Qd3 exd5 9. Bxd5 Bxd5 10. cxd5 Nf6 11. Bd2 0-0 12. 0-0-0 d6 13. g3 Qg4 14. Nge2 Nbd7 15. f3 Nc5 16. Qc2 Qxf3 17. Rhf1 Qd3 18. Nf4 Qxc2+ 19. Kxc2 Rae8 20. Nb5 Bxd2 21. Rxd2 a6 22. Nd4 Nxd5 23. Rh1 Nxf4 24. gxf4 Rxf4 25. b4 Nd7 26. a3 Ne5 27. Kc3 c5 28. bxc5 dxc5 29. Ne2 Rf3+ 30. Kc2 Rxa3 31. Nc3 Nf3 32. Rd3 Nd4+ 33. Kb2 Rb3+ 34. Ka2 Re2+ 35. Nxe2 Rxd3 0-1

[Event "BL2 Sued 1718 (Women)"]
[Site "Germany"]
[Date "2018.01.27"]
[Round "4.5"]
[White "Schenk, Stefanie"]
[Black "Katte, Isabel"]
[Result "1-0"]
[WhiteElo "2078"]
[BlackElo "1941"]
[PlyCount "85"]
[EventDate "2017.10.14"]
[EventType "team-tourn"]
[EventRounds "7"]
[EventCountry "GER"]
[SourceTitle "EXT 2019"]
[Source "ChessBase"]
[SourceDate "2018.10.10"]
[SourceVersion "1"]
[SourceVersionDate "2018.10.10"]
[SourceQuality "1"]
[WhiteTeam "Muenchen Bayern (W)"]
[BlackTeam "Mainz Schott (W)"]
[WhiteTeamCountry "GER"]
[BlackTeamCountry "GER"]

1. Nf3 b6 2. g3 Bb7 3. Bg2 Nf6 4. 0-0 e6 5. c4 c5 6. Nc3 Be7 7. d3 d5 8. cxd5 Nxd5 9. Qa4+ Bc6 10. Qg4 h5 11. Qc4 Nxc3 12. bxc3 Bd5 13. Qa4+ Bc6 14. Qc2 g5 15. c4 g4 16. Ne5 Bxg2 17. Kxg2 Qc7 18. Qa4+ Nd7 19. Nxd7 Qxd7 20. Qxd7+ Kxd7 21. Bb2 Rh7 22. h3 gxh3+ 23. Kxh3 f5 24. Kg2 h4 25. Rh1 Rg8 26. Kf3 Rg4 27. Rh3 Kd6 28. Rah1 e5 29. e4 Ke6 30. Bc1 Rhg7 31. gxh4 fxe4+ 32. dxe4 Bf6 33. h5 Rg1 34. h6 Rxh1 35. Rxh1 Rh7 36. Kg4 a6 37. a4 b5 38. cxb5 axb5 39. axb5 Rb7 40. h7 Bh8 41. Rh6+ Kf7 42. b6 c4 43. Rc6 1-0

[Event "BL2 Sued 1718 (Women)"]
[Site "Germany"]
[Date "2017.10.15"]
[Round "2.5"]
[White "Stitterich, Nadine"]
[Black "Katte, Isabel"]
[Result "1/2-1/2"]
[WhiteElo "1979"]
[BlackElo "1941"]
[PlyCount "89"]
[EventDate "2017.10.14"]
[EventType "team-tourn"]
[EventRounds "7"]
[EventCountry "GER"]
[SourceTitle "EXT 2019"]
[Source "ChessBase"]
[SourceDate "2018.10.10"]
[SourceVersion "1"]
[SourceVersionDate "2018.10.10"]
[SourceQuality "1"]
[WhiteTeam "Stuttgart Wolfbusch (W)"]
[BlackTeam "Mainz Schott (W)"]
[WhiteTeamCountry "GER"]
[BlackTeamCountry "GER"]

1. e4 e6 2. d4 b6 3. Nc3 Bb7 4. Bd3 Bb4 5. Nge2 Ne7 6. a3 Bxc3+ 7. Nxc3 Nbc6 8. Be3 Ng6 9. 0-0 0-0 10. Qh5 Qh4 11. Qxh4 Nxh4 12. Nb5 Rfc8 13. c4 a6 14. Nc3 Ne7 15. Bg5 Nhg6 16. b4 f6 17. Bd2 Nc6 18. Be3 e5 19. d5 Nd8 20. Rfd1 a5 21. Na4 d6 22. c5 axb4 23. axb4 bxc5 24. bxc5 Ba6 25. c6 Bxd3 26. Rxd3 Rcb8 27. Rda3 Rb4 28. Nc3 Rab8 29. Ra8 Ne7 30. Rxb8 Rxb8 31. Ra7 Ndxc6 32. dxc6 d5 33. exd5 Nxd5 34. Rb7 Ra8 35. Nb1 Ra1 36. Bd2 Nb6 37. g3 Rxb1+ 38. Kg2 Rd1 39. Ba5 Nd5 40. Bxc7 Rc1 41. Rb8+ Kf7 42. Rb7 Kg6 43. Bd6 Rxc6 44. Rd7 Nb6 45. Rd8 1/2-1/2

[Event "BL 1314 (Women)"]
[Site "Germany"]
[Date "2014.03.29"]
[Round "10.6"]
[White "Katte, Isabel"]
[Black "Nagel, Verena"]
[Result "1/2-1/2"]
[WhiteElo "1940"]
[BlackElo "2007"]
[PlyCount "51"]
[EventDate "2013.10.04"]
[EventType "team-tourn"]
[EventRounds "11"]
[EventCountry "GER"]
[SourceTitle "EXT 2018"]
[Source "ChessBase"]
[SourceDate "2017.10.13"]
[SourceVersion "1"]
[SourceVersionDate "2017.10.13"]
[SourceQuality "1"]
[WhiteTeam "Schott Mainz (W)"]
[BlackTeam "Grosslehna (W)"]
[WhiteTeamCountry "GER"]
[BlackTeamCountry "GER"]

1. e4 e5 2. Nf3 Nc6 3. Nc3 d6 4. g3 f5 5. d3 Nf6 6. Bg2 Be7 7. Be3 Ng4 8. Qd2 Nxe3 9. fxe3 fxe4 10. Nxe4 d5 11. Nc3 Be6 12. Qe2 Qd6 13. Ng5 Bg8 14. Nf3 Qb4 15. 0-0 Qxb2 16. Qd2 Bb4 17. Na4 Qa3 18. c3 Ba5 19. Qc2 b5 20. Nb2 Bxc3 21. Rac1 b4 22. Nd1 e4 23. Nxc3 bxc3 24. dxe4 Nb4 25. Qxc3 Qxc3 26. Rxc3 1/2-1/2

[Event "BL2 Sued 1011 (Women)"]
[Site "Germany"]
[Date "2010.12.05"]
[Round "4.2"]
[White "Vidonyak, Nellya"]
[Black "Katte, Isabel"]
[Result "1-0"]
[WhiteElo "2161"]
[BlackElo "1952"]
[PlyCount "47"]
[EventDate "2010.11.06"]
[EventType "team-tourn"]
[EventRounds "7"]
[EventCountry "GER"]
[SourceTitle "EXT 2012"]
[Source "ChessBase"]
[SourceDate "2011.11.24"]
[SourceVersion "1"]
[SourceVersionDate "2011.11.24"]
[SourceQuality "1"]
[WhiteTeam "Handschuhsheim (W)"]
[BlackTeam "Schott Mainz (W) II"]
[WhiteTeamCountry "GER"]
[BlackTeamCountry "GER"]

1. d4 e6 2. Nf3 f5 3. g3 b6 4. Bg2 Bb7 5. 0-0 Nf6 6. c4 d6 7. Nc3 Be7 8. Qc2 Ne4 9. d5 Nxc3 10. bxc3 exd5 11. Nd4 g6 12. cxd5 Bf6 13. Ne6 Qd7 14. e4 Ba6 15. Re1 f4 16. Bxf4 Nc6 17. Qa4 Bxc3 18. Qxa6 Bxa1 19. Rxa1 Nd8 20. e5 Rb8 21. Qxa7 Rb7 22. Qa8 Kf7 23. Nxd8+ Qxd8 24. Qxb7 1-0

[Event "EU-ch (Women) 8th"]
[Site "Dresden"]
[Date "2007.04.06"]
[Round "4"]
[White "Wilson, Alexandra"]
[Black "Katte, Isabel"]
[Result "1/2-1/2"]
[WhiteElo "2056"]
[BlackElo "1927"]
[PlyCount "97"]
[EventDate "2007.04.03"]
[EventType "swiss"]
[EventRounds "11"]
[EventCountry "GER"]
[SourceTitle "CBM 117 Extra"]
[Source "ChessBase"]
[SourceDate "2007.05.09"]
[SourceVersion "1"]
[SourceVersionDate "2007.05.09"]
[SourceQuality "1"]

1. e4 e5 2. Nf3 Nf6 3. d4 Nxe4 4. dxe5 d5 5. Nbd2 Nc5 6. Nb3 Nxb3 7. axb3 Be6 8. Bd3 Be7 9. 0-0 0-0 10. Nd4 Qd7 11. Qh5 g6 12. Qe2 Bg4 13. f3 Bc5 14. c3 Bf5 15. Kh1 Bxd3 16. Qxd3 Nc6 17. Nxc6 Qxc6 18. b4 Bb6 19. Bg5 Qe6 20. f4 c6 21. Qg3 Qf5 22. Rae1 Bd8 23. Rf3 Re8 24. Bxd8 Raxd8 25. Qh4 h5 26. h3 Kg7 27. Rg3 f6 28. Rf3 a6 29. Kg1 d4 30. g4 hxg4 31. hxg4 Qe6 32. cxd4 f5 33. gxf5 Qxf5 34. Rh3 Rh8 35. Qe7+ Qf7 36. Qxf7+ Kxf7 37. Rxh8 Rxh8 38. Kg2 Ke6 39. Kf3 Rh3+ 40. Ke4 Rh2 41. Rg1 Kf7 42. b3 Re2+ 43. Kd3 Rf2 44. Rg4 Rf3+ 45. Kc4 b6 46. d5 cxd5+ 47. Kxd5 Rd3+ 48. Kc4 Rf3 49. Rh4 1/2-1/2

[Event "GER-chT U20"]
[Site "Kelbra"]
[Date "2006.12.27"]
[Round "2.4"]
[White "Katte, Isabel"]
[Black "Wolf, Christoph"]
[Result "1-0"]
[WhiteElo "1927"]
[BlackElo "1986"]
[PlyCount "43"]
[EventDate "2006.12.27"]
[EventType "team-swiss"]
[EventRounds "7"]
[EventCountry "GER"]
[SourceTitle "EXT 2008"]
[Source "ChessBase"]
[SourceDate "2007.11.25"]
[SourceVersion "1"]
[SourceVersionDate "2007.11.25"]
[SourceQuality "1"]
[WhiteTeam "Mainz Schott U20"]
[BlackTeam "Hannover Post U20"]
[WhiteTeamCountry "GER"]
[BlackTeamCountry "GER"]

1. e4 c5 2. Nc3 a6 3. a4 e6 4. f4 d5 5. d3 Nc6 6. Nf3 Be7 7. g3 Nf6 8. e5 Nd7 9. Bh3 0-0 10. 0-0 Qe8 11. Qe2 d4 12. Ne4 f5 13. exf6 Bxf6 14. Nd6 Qe7 15. Qxe6+ Rf7 16. Qxf7+ Qxf7 17. Nxf7 Kxf7 18. Bd2 Nb6 19. Bg2 Be6 20. a5 Nc8 21. Rae1 Nd6 22. Ne5+ 1-0

[Event "GER-chT U20"]
[Site "Kelbra"]
[Date "2006.12.27"]
[Round "1.4"]
[White "Mijatovic, Andrea"]
[Black "Katte, Isabel"]
[Result "0-1"]
[WhiteElo "1702"]
[BlackElo "1927"]
[PlyCount "82"]
[EventDate "2006.12.27"]
[EventType "team-swiss"]
[EventRounds "7"]
[EventCountry "GER"]
[SourceTitle "EXT 2008"]
[Source "ChessBase"]
[SourceDate "2007.11.25"]
[SourceVersion "1"]
[SourceVersionDate "2007.11.25"]
[SourceQuality "1"]
[WhiteTeam "Wolfbusch U20"]
[BlackTeam "Mainz Schott U20"]
[WhiteTeamCountry "GER"]
[BlackTeamCountry "GER"]

1. e4 e5 2. Nf3 Nf6 3. Nxe5 d6 4. Nf3 Nxe4 5. d3 Nf6 6. Nc3 d5 7. a3 Bf5 8. Bg5 Be7 9. Nd4 Bg6 10. Be2 c5 11. Nb3 d4 12. Bxf6 Bxf6 13. Ne4 Bxe4 14. dxe4 Nd7 15. Bc4 0-0 16. 0-0 Nb6 17. Qe2 Qc7 18. Nc1 a6 19. Ba2 Na4 20. Rb1 b5 21. Qd2 c4 22. Ne2 Nxb2 23. Nxd4 Rad8 24. c3 Na4 25. Rfd1 Qc5 26. Rbc1 Nxc3 27. Qxc3 Rxd4 28. Qf3 Rfd8 29. Rxd4 Qxd4 30. Bb1 Qd2 31. Rf1 Be5 32. Qf5 Qf4 33. Qxf4 Bxf4 34. Re1 c3 35. g3 Bd2 36. Re2 Bc1 37. Rc2 Rd1+ 38. Kg2 Bb2 39. Ba2 Re1 40. Bb3 Ra1 41. Bd5 Rxa3 0-1

[Event "BL2 Gr01 0506 (Women)"]
[Site "Germany"]
[Date "2006.03.05"]
[Round "7.2"]
[White "Katte, Isabel"]
[Black "Donchenko, Irina"]
[Result "1-0"]
[WhiteElo "1828"]
[BlackElo "1947"]
[PlyCount "53"]
[EventDate "2005.10.29"]
[EventType "team-tourn"]
[EventRounds "7"]
[EventCountry "GER"]
[SourceTitle "EXT 2007"]
[Source "ChessBase"]
[SourceDate "2006.11.23"]
[SourceVersion "1"]
[SourceVersionDate "2006.11.23"]
[SourceQuality "1"]
[WhiteTeam "Schott Mainz (W)"]
[BlackTeam "Hofheim (W)"]
[WhiteTeamCountry "GER"]
[BlackTeamCountry "GER"]

1. e4 c5 2. Nf3 d6 3. d4 cxd4 4. Nxd4 Nf6 5. Nc3 e6 6. Be3 a6 7. f3 Qc7 8. Qd2 h5 9. 0-0-0 b5 10. e5 dxe5 11. Ncxb5 Qd8 12. Nxe6 Qxd2+ 13. Rxd2 Nbd7 14. Nec7+ Ke7 15. Nxa8 axb5 16. Bxb5 g6 17. Rhd1 Bg7 18. Nc7 h4 19. Bg5 Nb6 20. Be3 Nbd7 21. Bg5 Nb6 22. Rd6 Rh5 23. Bxf6+ Bxf6 24. Rxb6 Bg5+ 25. Kb1 Bf5 26. Nd5+ Kf8 27. a4 1-0

[Event "BL2 Gr01 0506 (Women)"]
[Site "Germany"]
[Date "2006.03.04"]
[Round "6.2"]
[White "Brenner, Sabine"]
[Black "Katte, Isabel"]
[Result "0-1"]
[WhiteElo "1913"]
[BlackElo "1828"]
[PlyCount "62"]
[EventDate "2005.10.29"]
[EventType "team-tourn"]
[EventRounds "7"]
[EventCountry "GER"]
[SourceTitle "EXT 2007"]
[Source "ChessBase"]
[SourceDate "2006.11.23"]
[SourceVersion "1"]
[SourceVersionDate "2006.11.23"]
[SourceQuality "1"]
[WhiteTeam "Duesseldorf (W)"]
[BlackTeam "Schott Mainz (W)"]
[WhiteTeamCountry "GER"]
[BlackTeamCountry "GER"]

1. e4 e5 2. Nf3 Nf6 3. d3 Nc6 4. g3 d5 5. Nbd2 Bg4 6. h3 Be6 7. Bg2 h6 8. 0-0 Qd7 9. Kh2 0-0-0 10. Qe2 Bd6 11. c3 g5 12. Ng1 h5 13. exd5 Nxd5 14. Ne4 g4 15. h4 f5 16. Ng5 Bg8 17. Qc2 Be7 18. Rd1 f4 19. Ne4 Bh7 20. b4 f3 21. Bf1 Bxe4 22. dxe4 Ndxb4 23. Rxd7 Nxc2 24. Rxd8+ Rxd8 25. Rb1 Rd1 26. Bc4 Bc5 27. Be6+ Kb8 28. Bb3 Bxf2 29. Nxf3 gxf3 30. Bxc2 Bg1+ 31. Kh1 f2 0-1

[Event "GER-chT U20"]
[Site "Berlin"]
[Date "2005.12.29"]
[Round "6.5"]
[White "Fox, Daniel"]
[Black "Katte, Isabel"]
[Result "1/2-1/2"]
[WhiteElo "2009"]
[BlackElo "1950"]
[PlyCount "71"]
[EventDate "2005.12.27"]
[EventType "team-swiss"]
[EventRounds "7"]
[EventCountry "GER"]
[SourceTitle "EXT 2022"]
[Source "ChessBase"]
[SourceDate "2021.10.06"]
[SourceVersion "1"]
[SourceVersionDate "2021.10.06"]
[SourceQuality "1"]
[WhiteTeam "Heep U20"]
[BlackTeam "Mainz Schott U20"]
[WhiteTeamCountry "GER"]
[BlackTeamCountry "GER"]

1. e4 e5 2. Nf3 Nf6 3. d4 Nxe4 4. Bd3 d5 5. Nxe5 Nf6 6. 0-0 Bd6 7. Nc3 0-0 8. Bg5 c6 9. Qf3 Be7 10. Rfe1 Nbd7 11. h3 Nxe5 12. Rxe5 Be6 13. Rae1 Nd7 14. Bxe7 Qxe7 15. R5e3 Qf6 16. Ne2 Qxf3 17. Rxf3 Nf6 18. Nf4 Bd7 19. Rfe3 Rfe8 20. g4 Rxe3 21. Rxe3 Re8 22. Rxe8+ Nxe8 23. Nh5 g6 24. Ng3 Nc7 25. c3 Ne6 26. Ne2 Ng5 27. Kg2 f6 28. h4 Nf7 29. Kg3 Nd6 30. b3 Be6 31. Nf4 Bf7 32. f3 Kg7 33. Ng2 Be6 34. Nf4 Bf7 35. Ng2 Be6 36. Nf4 1/2-1/2

[Event "BL2 Gr01 0506 (Women)"]
[Site "Germany"]
[Date "2005.10.29"]
[Round "1.2"]
[White "Zhang, Fan"]
[Black "Katte, Isabel"]
[Result "1/2-1/2"]
[WhiteElo "2068"]
[BlackElo "1828"]
[PlyCount "87"]
[EventDate "2005.10.29"]
[EventType "team-tourn"]
[EventRounds "7"]
[EventCountry "GER"]
[SourceTitle "EXT 2007"]
[Source "ChessBase"]
[SourceDate "2006.11.23"]
[SourceVersion "1"]
[SourceVersionDate "2006.11.23"]
[SourceQuality "1"]
[WhiteTeam "Wattenscheid (W)"]
[BlackTeam "Schott Mainz (W)"]
[WhiteTeamCountry "GER"]
[BlackTeamCountry "GER"]

1. d4 e6 2. Nf3 b6 3. e4 Bb7 4. Bd3 d6 5. 0-0 Be7 6. c4 Nd7 7. Nc3 Ngf6 8. Re1 e5 9. Nd5 0-0 10. b3 c5 11. dxe5 Nxe5 12. Bc2 Nxf3+ 13. Qxf3 Nxd5 14. exd5 Bf6 15. Rb1 Be5 16. Qg4 Bc8 17. Bf5 Bxf5 18. Qxf5 Qc8 19. Qxc8 Raxc8 20. Bd2 Rfe8 21. Kf1 Kf8 22. Re2 Bd4 23. Rbe1 f6 24. Re6 Be5 25. f4 Rxe6 26. dxe6 Bd4 27. f5 Ke7 28. Re4 g5 29. g4 Rd8 30. Re1 Rh8 31. Kg2 h5 32. gxh5 Rxh5 33. h3 Rh4 34. Rf1 Re4 35. Kf3 Rh4 36. Rh1 Be5 37. Be3 g4+ 38. Kg2 g3 39. Rf1 Re4 40. Rf3 Rh4 41. Rf1 Re4 42. Kf3 Rh4 43. Rh1 Ke8 44. Kg2 1/2-1/2

[Event "GER-ch U18 Girls"]
[Site "Willingen"]
[Date "2005.05.21"]
[Round "9"]
[White "Dauer, Christina"]
[Black "Katte, Isabel"]
[Result "1/2-1/2"]
[WhiteElo "1645"]
[BlackElo "1944"]
[PlyCount "78"]
[EventDate "2005.05.14"]
[EventType "swiss"]
[EventRounds "9"]
[EventCountry "GER"]
[SourceTitle "CBM 106 Extra"]
[Source "ChessBase"]
[SourceDate "2005.07.01"]
[SourceVersion "1"]
[SourceVersionDate "2005.07.01"]
[SourceQuality "1"]

1. c4 Nf6 2. Nc3 d5 3. cxd5 Nxd5 4. g3 c5 5. Bg2 Nc7 6. Nf3 Nc6 7. 0-0 e5 8. d3 Be7 9. a3 0-0 10. Rb1 Na6 11. Bd2 Be6 12. Ne4 f6 13. h4 Qe8 14. Bc3 Rd8 15. Qc2 Qd7 16. Kh2 h6 17. Rh1 Nd4 18. Bxd4 exd4 19. b3 f5 20. Ned2 Qc7 21. b4 f4 22. bxc5 Nxc5 23. Nb3 fxg3+ 24. fxg3 Bxb3 25. Rxb3 Bd6 26. Rbb1 Bxg3+ 27. Kg1 Qf4 28. Rh3 b6 29. Kh1 g5 30. Qc4+ Kg7 31. hxg5 hxg5 32. Rf1 g4 33. Nh2 gxh3 34. Rxf4 hxg2+ 35. Kxg2 Bxf4 36. Nf3 Rd6 37. Nxd4 Rg6+ 38. Kf2 Bg3+ 39. Ke3 Bf4+ 1/2-1/2

[Event "GER-ch U18 Girls"]
[Site "Willingen"]
[Date "2005.05.14"]
[Round "1"]
[White "Katte, Isabel"]
[Black "Dubel, Natali"]
[Result "1-0"]
[WhiteElo "1944"]
[BlackElo "1400"]
[PlyCount "41"]
[EventDate "2005.05.14"]
[EventType "swiss"]
[EventRounds "9"]
[EventCountry "GER"]
[SourceTitle "CBM 106 Extra"]
[Source "ChessBase"]
[SourceDate "2005.07.01"]
[SourceVersion "1"]
[SourceVersionDate "2005.07.01"]
[SourceQuality "1"]

1. e4 d6 2. d4 Nf6 3. Nc3 g6 4. Be3 Bg7 5. Qd2 0-0 6. Bh6 Nc6 7. Bxg7 Kxg7 8. f3 a6 9. g4 e5 10. d5 Ne7 11. 0-0-0 b5 12. h4 b4 13. Nce2 a5 14. h5 Rh8 15. Ng3 Qd7 16. Nf5+ Kf8 17. Qh6+ Ke8 18. hxg6 fxg6 19. Ng7+ Kf7 20. Ne6 Ke8 21. Qg7 1-0

[Event "Halle-chT (Women)"]
[Site "Halle"]
[Date "2005.04.17"]
[Round "5.6"]
[White "Zabarska, Natalia"]
[Black "Katte, Isabel"]
[Result "0-1"]
[WhiteElo "1709"]
[BlackElo "1931"]
[PlyCount "68"]
[EventDate "2005.04.14"]
[EventType "team"]
[EventRounds "5"]
[EventCountry "GER"]
[SourceTitle "CBM 105 Extra"]
[Source "ChessBase"]
[SourceDate "2005.05.01"]
[SourceVersion "1"]
[SourceVersionDate "2005.05.01"]
[SourceQuality "1"]

1. e4 e6 2. d4 b6 3. Nf3 Bb7 4. e5 d6 5. Bd3 Nd7 6. 0-0 Ne7 7. Bg5 dxe5 8. dxe5 Bxf3 9. Qxf3 Nxe5 10. Bb5+ c6 11. Qe4 f6 12. Ba4 Qd5 13. Qxd5 exd5 14. Bh4 0-0-0 15. Nc3 Nf5 16. Bg3 Nxg3 17. hxg3 Bc5 18. Kh1 h5 19. f3 b5 20. Bb3 g5 21. Ne2 Ng6 22. c3 f5 23. Nd4 h4 24. Kh2 hxg3+ 25. Kxg3 Bxd4 26. cxd4 Nf4 27. Rfe1 Nd3 28. Re2 Rh4 29. f4 Rxf4 30. Rc2 Kb7 31. Rc3 Nf2 32. Rac1 Ne4+ 33. Kh2 Nxc3 34. Rxc3 Rxd4 0-1

[Event "GER-ch U18 Girls"]
[Site "Willingen"]
[Date "2004.06.02"]
[Round "7"]
[White "Zhang, Fan"]
[Black "Katte, Isabel"]
[Result "1-0"]
[WhiteElo "1860"]
[BlackElo "1944"]
[PlyCount "85"]
[EventDate "2004.06.??"]
[EventType "swiss"]
[EventRounds "9"]
[EventCountry "GER"]
[SourceTitle "EXT 2005"]
[Source "ChessBase"]
[SourceDate "2004.11.15"]
[SourceVersion "1"]
[SourceVersionDate "2004.11.15"]
[SourceQuality "1"]

1. d4 Nf6 2. Nf3 g6 3. Bf4 Bg7 4. c4 d6 5. Nc3 Bf5 6. Qb3 Qc8 7. h3 h5 8. e3 c6 9. Be2 Nbd7 10. Nh4 Be6 11. d5 Nc5 12. Qd1 Bd7 13. Rc1 Nfe4 14. Nxe4 Nxe4 15. Bd3 Nc5 16. Rc2 Bf6 17. Nf3 Bf5 18. Bxf5 Qxf5 19. 0-0 g5 20. Nd4 Bxd4 21. exd4 gxf4 22. dxc5 cxd5 23. cxd6 Rg8 24. Rc3 dxc4 25. dxe7 Qg5 26. Qf3 Qb5 27. b3 cxb3 28. Rxb3 Qc6 29. Qxc6+ bxc6 30. Rb7 f3 31. g3 Rg6 32. Re1 Re6 33. Re3 a6 34. h4 Rc8 35. Rxf3 Rxe7 36. Rb6 Re5 37. Rxa6 f5 38. Ra7 c5 39. Rh7 c4 40. Rxh5 Re2 41. Rh8+ Kd7 42. Rxc8 Kxc8 43. Rc3 1-0

[Event "GER-ch U18 Girls"]
[Site "Willingen"]
[Date "2004.05.30"]
[Round "3"]
[White "Katte, Isabel"]
[Black "Beltz, Franziska"]
[Result "1/2-1/2"]
[WhiteElo "1944"]
[BlackElo "2028"]
[PlyCount "76"]
[EventDate "2004.06.??"]
[EventType "swiss"]
[EventRounds "9"]
[EventCountry "GER"]
[SourceTitle "EXT 2005"]
[Source "ChessBase"]
[SourceDate "2004.11.15"]
[SourceVersion "1"]
[SourceVersionDate "2004.11.15"]
[SourceQuality "1"]

1. e4 c5 2. f4 Nc6 3. Nf3 g6 4. Nc3 Bg7 5. Bb5 Nd4 6. a4 e6 7. d3 Ne7 8. e5 0-0 9. 0-0 d5 10. exd6 Qxd6 11. Bc4 b6 12. Ne4 Qc7 13. c3 Nxf3+ 14. Qxf3 Bb7 15. Qh3 Nf5 16. g4 Nd6 17. Nxd6 Qxd6 18. f5 exf5 19. gxf5 Rae8 20. Bf4 Qf6 21. fxg6 Qxg6+ 22. Qg3 Re2 23. Qxg6 hxg6 24. Rf2 Rfe8 25. Raf1 Bf6 26. Bg3 Rxf2 27. Rxf2 Kg7 28. Kf1 Bc8 29. Re2 Rd8 30. Bc7 Bh3+ 31. Kf2 Rd7 32. Bf4 Bf5 33. Rd2 Re7 34. Re2 Rd7 35. Rd2 Re7 36. Re2 Rd7 37. Rd2 Bh4+ 38. Kf3 Bf6 1/2-1/2